Sports Quiz

Random Sports or NFL Quiz
Score 0/30 Timer 05:00
0 Plays Today
TD Passes Passer Surname % Correct
867Manning
98.2%
390Brady
93.5%
552Favre
92%
452Marino
89.3%
372Brees
84.6%
318Montana
84.3%
298Young
81.1%
327Elway
75.4%
311Johnson
70.1%
308Moon
66.6%
239Warner
59.2%
266Fouts
57.1%
258McNabb
56.8%
216Rivers
56.8%
281Testaverde
56.5%
TD Passes Passer Surname % Correct
258Kelly
54.4%
242Bradshaw
54.1%
257Bledsoe
52.4%
222Simms
47.6%
226Roethlisberger
47.3%
224Hasselbeck
40.2%
266Anderson
37.9%
275Griese
37.6%
251Esiason
37.6%
219Cunningham
37.6%
244Collins
37.3%
213Stabler
31.7%
277Wilson
25.4%
272Krieg
24.9%
260Kramer
11.8%
Remove Ads.
Support Sporcle.
Get the best of Sporcle when you Go Orange. This ad-free experience offers more features, more stats, and more fun while also helping to support Sporcle. Thank you for becoming a member.

You're not logged in!

Compare scores with friends on all Sporcle quizzes.
OR
Log In

Show Comments

Extras

Top Quizzes Today


Score Distribution

Your Account Isn't Verified!

In order to create a playlist on Sporcle, you need to verify the email address you used during registration. Go to your Sporcle Settings to finish the process.

Report this User

Report this user for behavior that violates our Community Guidelines.

Details: